The political outlook : (Record no. 34018)
[ view plain ]
| 000 -LEADER | |
|---|---|
| fixed length control field | 00793nam a2200229 a 4500 |
| 001 - CONTROL NUMBER | |
| control field | 34018 |
| 003 - CONTROL NUMBER IDENTIFIER | |
| rucl marc code | BD-RjUL |
| 005 - DATE AND TIME OF LATEST TRANSACTION | |
| control field | 20211209052108.0 |
| 008 - FIXED-LENGTH DATA ELEMENTS--GENERAL INFORMATION | |
| fixed length control field | 190205s1915 ii rcn 1 eng d |
| 035 ## - SYSTEM CONTROL NUMBER | |
| System control number | (BD-RjUL)34111 |
| 040 ## - CATALOGING SOURCE | |
| Original cataloging agency | IEP |
| Transcribing agency | IEP |
| Modifying agency | OCLCQ |
| -- | BD-RjUL |
| Language of cataloging | eng |
| 041 ## - LANGUAGE CODE | |
| Language code of text/sound track or separate title | eng |
| 082 ## - DEWEY DECIMAL CLASSIFICATION NUMBER | |
| Edition number | 23 |
| Classification number | 320 |
| Author mark and year | BEP 1915 |
| 100 1# - MAIN ENTRY--PERSONAL NAME | |
| Personal name | Besant, Annie |
| 9 (RLIN) | 227735 |
| 245 14 - TITLE STATEMENT | |
| Title | The political outlook : |
| Remainder of title | presidential address, U.P. Provincial Conference, Gorakhpur, April 2-4, 1915 / |
| Statement of responsibility, etc. | by Annie Besant |
| 260 ## - PUBLICATION, DISTRIBUTION, ETC. (IMPRINT) | |
| Place of publication, distribution, etc. | Adyar, Madras : |
| Name of publisher, distributor, etc. | Theosophical Pub. House, |
| Date of publication, distribution, etc. | 1915 |
| 490 ## - SERIES STATEMENT | |
| Series statement | New India political pamphlets; |
| Volume/sequential designation | no. 2. |
| 500 ## - GENERAL NOTE | |
| General note | "Cover title." |
| 651 ## - SUBJECT ADDED ENTRY--GEOGRAPHIC NAME | |
| Geographic name | India |
| General subdivision | Politics and government |
| Chronological subdivision | 1865-1947. |
| 9 (RLIN) | 227736 |
| 830 ## - SERIES ADDED ENTRY--UNIFORM TITLE | |
| Uniform title | New India political pamphlets; |
| Volume number/sequential designation | no. 2. |
| 942 ## - ADDED ENTRY ELEMENTS (KOHA) | |
| Source of classification or shelving scheme | Dewey Decimal Classification |
| Koha item type | Rare Books |
| Lost status | Source of classification or shelving scheme | Damaged status | Not for loan | Collection code | Permanent Location | Current Location | Shelving location | Date acquired | Total Checkouts | Full call number | Date last seen | Copy number | Koha item type |
|---|---|---|---|---|---|---|---|---|---|---|---|---|---|
| Dewey Decimal Classification | Not For Loan | Rare Books | Central Library, University of Rajshahi | Central Library, University of Rajshahi | Rare Book Section | 05/02/2019 | RA 320 BEP 1915 | 05/02/2019 | C-1 | Rare Books |